000 00264nam a22001217a 4500
008 170308b xxu||||| |||| 00| 0 eng d
041 _aeng
080 _a611
100 _a6
101 _aSHM
245 _aHUMAN ANATOMY & PHYSIOLOGY
_cFRUCHT, S.S
942 _2udc
_cBK
999 _c7170
_d7170